Byron

محفوظ في:
التفاصيل البيبلوغرافية
المؤلف الرئيسي: Byron, Lord
التنسيق: كتاب
اللغة:Undetermined
منشور في: New York, Estados Unidos Dell Publishing 1962
الطبعة:2
الموضوعات:
الوسوم: إضافة وسم
لا توجد وسوم, كن أول من يضع وسما على هذه التسجيلة!

MARC

LEADER 00000nam a2200000Ia 4500
008 170316s9999 xx 000 0 und d
090 |a 820 B-32b 
100 |a Byron, Lord 
245 |a Byron 
250 |a 2 
260 |a New York, Estados Unidos 
260 |b Dell Publishing 
260 |c 1962 
300 |a 159 páginas 
650 |a LITERATURA INGLESA 
650 |a POESÍA EN INGLÉS 
999 |c 22148  |d 22148 
040 |a cru BVZT 
942 |c 15 D  |h 820 B-32b  |2 z